Things With Numbers In the Name - Statistics

General Stats
  • This quiz has been taken 53 times
  • The average score is 21 of 28
Answer Stats
Picture Hint Answer % Correct
The Jackson... 5
96%
U... 2
92%
Maroon 5
92%
Apollo... 11
90%
Chanel Number... 5
90%
The...Towers 2
88%
Air Force... 1
86%
Formula... 1
84%
...Inch Nails 9
84%
Catch... 22
82%
WD... 40
80%
Around the World in... Days 80
80%
K... 2
76%
Area... 51
76%
Forever... 21
73%
Boeing... 747
73%
Slaughterhouse... 5
71%
...Flags 6
71%
...Leagues Under The Sea 20,000
69%
Heinz...Sauce 57
69%
...Luftballons 99
67%
...Downing St 10
65%
Levis... 501
61%
...to... 9 to 5
57%
Motel... 6
55%
Fahrenheit... 451
53%
867-530... 9
49%
...Pennsylvania Ave 1600
41%
No matching quizzes found
Score Distribution
Percent of People with Each Score
Percentile by Number Answered
Your Score History
You have not taken this quiz